000 00579nam a22002177a 4500
003 UA-OsUOA
001 68764
007 ta
008 20100517b un ||||| |||| 00| 0 ukr d
090 _a94(470.311)(091)
_bМ82
942 _cBK
040 _aUA-OsUOA
_brus
_cUA-OsUOA
_dUA-OsUOA
245 _aМосква 850 лет
_bВ 2 т.
_cВиноградова В. А.
_n2
300 _a272 с.
955 _a2
041 _arus
080 _a94(470.311)(091)
260 _aМ.
_c1997
650 7 _a9 Географія. Біографії. Історія
_2UDC
999 _c355023
_d355023